| 000 | 00661nam a22002057a 4500 | ||
|---|---|---|---|
| 003 | OSt | ||
| 005 | 20251023082130.0 | ||
| 008 | 251023b |||||||| |||| 00| 0 eng d | ||
| 020 | _a0-696-20990-x | ||
| 040 |
_aDWC-Main Lib. _cOC |
||
| 082 | _aCirc. 684.16 S827 2000 | ||
| 100 | _aMarshall, Paula | ||
| 245 |
_aStep-by-step cabinets and shelves/ _cPaula Marshall |
||
| 260 |
_aDes Moines, Iowa : _bBetter Homes & Gardens, _cc2000. |
||
| 300 |
_a112 pages : _bcolor illustrations ; _c27 cm. |
||
| 504 | _aIndex: pp. 110-112 | ||
| 650 | _a1. Cabinetwork. | ||
| 650 | _a2. Shelving (Furniture). I. Marshall, Paula. | ||
| 942 |
_2ddc _cBK-CIRC _hCirc. _n0 |
||
| 999 |
_c5069 _d5069 |
||